Estate agency bill (Record no. 19009)

MARC details
000 -LEADER
fixed length control field 01293cab a2200301 4500
001 - CONTROL NUMBER
control field WB2710-35
008 - FIXED-LENGTH DATA ELEMENTS--GENERAL INFORMATION
fixed length control field 090401t1991 xxu||||| |||| 00| 0 eng d
035 ## - SYSTEM CONTROL NUMBER
System control number (Sirsi) u28192
041 ## - LANGUAGE CODE
Language code of text/sound track or separate title eng
245 ## - TITLE STATEMENT
Title Estate agency bill
260 ## - PUBLICATION, DISTRIBUTION, ETC.
Date of publication, distribution, etc. 1991
350 ## - PRICE (NR) (BK AM CF MU VM SE) [OBSOLETE]
Price 0
490 ## - SERIES STATEMENT
Series statement Hansard
Volume/sequential designation 186 (167) 1/3/91 1220-1268
490 ## - SERIES STATEMENT
Series statement Times
Volume/sequential designation 4/3/91 p6
490 ## - SERIES STATEMENT
Series statement Guardian
Volume/sequential designation 4/2/91 p14
490 ## - SERIES STATEMENT
Series statement Independent
Volume/sequential designation 4/3/91 p6
490 ## - SERIES STATEMENT
Series statement Chartered Surveyor Weekly
Volume/sequential designation vol 34 no 9 7/3/91 p8(28)
520 ## - SUMMARY, ETC.
Summary, etc. A Private members bill , the Estate Agents (Property Misdescriptions) Bill has passed its second reading unopposed. If it becomes law, estate agents giving misleading information on property would be liable to fines of up to £2000. The sale of property would be brought into line with the sale of goods under the Trades Description Act 1968 . RICS amendments to include commercial propoerty have been accepted by government. See also WB2707-30.
650 ## - SUBJECT ADDED ENTRY--TOPICAL TERM
Topical term or geographic name entry element DUTY OF CARE
650 ## - SUBJECT ADDED ENTRY--TOPICAL TERM
Topical term or geographic name entry element ESTATE AGENTS ACT 1979
650 ## - SUBJECT ADDED ENTRY--TOPICAL TERM
Topical term or geographic name entry element ESTATE AGENTS OMBUDSMAN
650 ## - SUBJECT ADDED ENTRY--TOPICAL TERM
Topical term or geographic name entry element NATIONAL ASSOCIATION OF ESTATE AGENTS
650 ## - SUBJECT ADDED ENTRY--TOPICAL TERM
Topical term or geographic name entry element PROPERTY DESCRIPTIONS
650 ## - SUBJECT ADDED ENTRY--TOPICAL TERM
Topical term or geographic name entry element SELF-REGULATION
690 ## - LOCAL SUBJECT ADDED ENTRY--TOPICAL TERM (OCLC, RLIN)
Topical term or geographic name as entry element MANAGEMENT-BUSINESS MANAGEMENT-PROFESSIONAL PRACTICE
942 ## - ADDED ENTRY ELEMENTS (KOHA)
Suppress in OPAC 0
948 ## - LOCAL PROCESSING INFORMATION (OCLC); SERIES PART DESIGNATOR (RLIN)
c (OCLC) 04/03/1997
Holdings
Withdrawn status Lost status Source of classification or shelving scheme Damaged status Not for loan Home library Current library Shelving location Date acquired Total Checkouts Full call number Barcode Date last seen Copy number Price effective from Koha item type
    Dewey Decimal Classification     London London News article 14/09/1999   WB2710-35 28192-1001 06/08/2019 1 06/08/2019 News article